000 01475nmc a2200445 a 4500
003 AR-BaBNM
005 20251128210509.0
008 160020s1996 ||||||||||||||000 | spa||
020 _a84-7584-314-x
040 _cAR-BaBNM
245 1 0 _aAnálisis de recursos educativos desde una perspectiva no sexista
_brevisión de un cuaderno para tomar desiciones vocacionales
250 _a1ª ed.
260 _aBarcelona
_bLaertes
_c1996
300 0 _a165 p.
_btablas
490 0 _aPsicopedagogía
_vv. 81
500 0 _aLos autores del presente trabajo conforman el Grupo de Orientación Diferencial de la Facultad de Pedagogía de la Universidad de Barcelona
504 _aContiene referencias bibliográficas
610 2 4 _aUnión Europea
650 4 _aCOEDUCACION
650 4 _aROL DEL DOCENTE
650 4 _aDIFERENCIAS ENTRE SEXOS
650 4 _aEDUCACION SEXISTA
650 4 _aCURRICULO
651 4 _aEspaña
653 0 _aDISCRIMINACION EDUCATIVA
653 0 _aINVESTIGACION EDUCATIVA
653 0 _aGENERO
653 0 _aLEGISLACION EDUCATIVA
700 1 _aEspín López, Julia Victoria
700 1 _aRodríguez Moreno, María Luisa
700 1 _aDonoso, Trinidad
700 1 _aDorio Alcaraz, Inmaculada
700 1 _aFiguera Mazo, Pilar
700 1 _aMorey Vich, Marilén
700 1 _aSandín Esteban, Mari Paz
800 1 _aRodríguez, María Luisa
_edirector
800 1 _aLarrosa, Jorge
_edirector
942 _cBK
998 _cRaquel
999 _c15688
_d15688